[Event "Florianopolis op 09"]
[Site "Florianopolis"]
[Date "2021.09.25"]
[Round "3"]
[White "Dos Santos, Haroldo Cunha Jr"]
[Black "Rodrigues, Natanael Isau Braz"]
[Result "1-0"]
[WhiteElo "2119"]
[BlackElo "1756"]
[PlyCount "128"]
[EventDate "2021.09.24"]
[EventType "swiss"]
[EventRounds "6"]
[EventCountry "BRA"]
[SourceTitle "EXT 2024"]
[Source "ChessBase"]
[SourceDate "2023.10.10"]
[SourceVersion "1"]
[SourceVersionDate "2023.10.10"]
[SourceQuality "1"]

1. d4 Nf6 2. Nf3 c5 3. c3 g6 4. Bf4 Qb6 5. Qc2 Bg7 6. e3 d6 7. Nbd2 cxd4 8. exd4 Bf5 9. Bd3 Bxd3 10. Qxd3 0-0 11. 0-0 Nh5 12. Bg5 Nf6 13. Rfe1 Re8 14. a4 Nbd7 15. h3 a5 16. Nc4 Qa6 17. Rad1 b5 18. axb5 Qxb5 19. Bc1 d5 20. Na3 Qxd3 21. Rxd3 Ne4 22. Bf4 e6 23. Nb5 Rec8 24. Bc7 Nef6 25. Ra1 a4 26. Ra2 Ne8 27. Bg3 Ra5 28. Na3 Bf8 29. Rd1 Bd6 30. Bxd6 Nxd6 31. Rda1 Rca8 32. Nd2 Nb6 33. Nc2 Ndc4 34. Nb1 Rb5 35. Nb4 Rba5 36. Kf1 e5 37. dxe5 Nxe5 38. Na3 Nec4 39. Rd1 Rc5 40. Nac2 Rb8 41. Na6 Rbc8 42. Nxc5 Rxc5 43. Nd4 Rc8 44. Re1 Kf8 45. Re2 Nd6 46. f3 Ndc4 47. Kf2 h6 48. Ra1 Nd7 49. Rxa4 Nc5 50. Ra7 Nxb2 51. Ree7 Nbd3+ 52. Kg3 f5 53. Rh7 Kg8 54. Rag7+ Kf8 55. Rxg6 f4+ 56. Kh2 Re8 57. Rh8+ Kf7 58. Rxe8 Kxg6 59. Rd8 h5 60. h4 Na4 61. Ne2 Ne5 62. Nxf4+ Kf5 63. Rf8+ Nf7 64. Rxf7+ Ke5 1-0

[Event "Florianopolis op 5th"]
[Site "Florianopolis"]
[Date "2019.01.24"]
[Round "6"]
[White "Araujo, Jose Roberto"]
[Black "Rodrigues, Natanael Isau Braz"]
[Result "1-0"]
[WhiteElo "2142"]
[BlackElo "1759"]
[PlyCount "77"]
[EventDate "2019.01.21"]
[EventType "swiss"]
[EventRounds "10"]
[EventCountry "BRA"]
[SourceTitle "EXT 2020"]
[Source "ChessBase"]
[SourceDate "2019.10.17"]
[SourceVersion "1"]
[SourceVersionDate "2019.10.17"]
[SourceQuality "1"]

1. e4 c5 2. Nf3 g6 3. g3 Bg7 4. Bg2 Nc6 5. 0-0 Nf6 6. Nc3 0-0 7. d3 d6 8. h3 h6 9. Kh2 Rb8 10. Nd2 Ne8 11. f4 f5 12. Nf3 e5 13. exf5 Bxf5 14. Nh4 Nc7 15. Nxf5 gxf5 16. fxe5 dxe5 17. Qh5 Qe8 18. Qxe8 Rbxe8 19. Bxc6 bxc6 20. Be3 Ne6 21. Na4 f4 22. Bxc5 Rf7 23. Rae1 fxg3+ 24. Kxg3 Rb7 25. b3 Kh7 26. Kh2 Nf8 27. Bxf8 Bxf8 28. Nc3 Bb4 29. Ne4 Bxe1 30. Nf6+ Kh8 31. Nxe8 Bb4 32. Rf6 Bd2 33. Rxc6 e4 34. dxe4 Re7 35. Rc8 Kg8 36. Nd6+ Kh7 37. Nc4 Bf4+ 38. Kg2 Rxe4 39. Kf3 1-0

[Event "Florianopolis op 5th"]
[Site "Florianopolis"]
[Date "2019.01.22"]
[Round "3"]
[White "Rodrigues, Natanael Isau Braz"]
[Black "Tomiello, Lucas Costamilan"]
[Result "0-1"]
[WhiteElo "1759"]
[BlackElo "1990"]
[PlyCount "34"]
[EventDate "2019.01.21"]
[EventType "swiss"]
[EventRounds "10"]
[EventCountry "BRA"]
[SourceTitle "CBM 188 Extra"]
[Source "ChessBase"]
[SourceDate "2019.02.26"]
[SourceVersion "1"]
[SourceVersionDate "2019.02.26"]
[SourceQuality "1"]

1. e4 c5 2. Nc3 d6 3. Bb5+ Nc6 4. Bxc6+ bxc6 5. d3 g6 6. f4 Bg7 7. Nf3 Rb8 8. 0-0 Nh6 9. Qe1 Bg4 10. b3 0-0 11. Bb2 e5 12. fxe5 Bxf3 13. Rxf3 Bxe5 14. Na4 Ng4 15. Bxe5 Nxe5 16. Rh3 Qg5 17. Qh4 Nf3+ 0-1

[Event "Florianopolis op 5th"]
[Site "Florianopolis"]
[Date "2019.01.21"]
[Round "1"]
[White "Rodrigues, Natanael Isau Braz"]
[Black "Quintiliano Pinto, Renato Rodrigues"]
[Result "0-1"]
[WhiteElo "1759"]
[BlackElo "2441"]
[PlyCount "74"]
[EventDate "2019.01.21"]
[EventType "swiss"]
[EventRounds "10"]
[EventCountry "BRA"]
[SourceTitle "CBM 188 Extra"]
[Source "ChessBase"]
[SourceDate "2019.02.26"]
[SourceVersion "1"]
[SourceVersionDate "2019.02.26"]
[SourceQuality "1"]

1. e4 c5 2. Nc3 Nc6 3. Bb5 Nd4 4. Nf3 Nxb5 5. Nxb5 d6 6. 0-0 Nf6 7. Re1 a6 8. Nc3 e6 9. d4 cxd4 10. Qxd4 Be7 11. e5 dxe5 12. Qxd8+ Bxd8 13. Nxe5 Bc7 14. Nd3 Bd7 15. Bf4 Ba5 16. b4 Rc8 17. Be5 Bb6 18. Rac1 Rc4 19. a3 Bc6 20. Ne2 Ng4 21. Ng3 0-0 22. h3 Nxe5 23. Nxe5 Rf4 24. Re2 Rc8 25. c4 Be8 26. c5 Bc7 27. Rd1 a5 28. Nd3 Rd4 29. Nb2 Rcd8 30. Rxd4 Rxd4 31. Re4 Rd2 32. Re2 Rd8 33. Ne4 axb4 34. axb4 Rd4 35. Re1 Rxb4 36. Nd3 Rd4 37. Nb2 Bc6 0-1

[Event "Florianopolis Region-ch sf"]
[Site "Florianopolis"]
[Date "2018.12.14"]
[Round "3"]
[White "Rodrigues, Natanael Isau Braz"]
[Black "Rodrigues, Edgar"]
[Result "0-1"]
[WhiteElo "1797"]
[BlackElo "2327"]
[PlyCount "92"]
[EventDate "2018.12.13"]
[EventType "swiss"]
[EventRounds "7"]
[EventCountry "BRA"]
[SourceTitle "CBM 187 Extra"]
[Source "ChessBase"]
[SourceDate "2018.11.04"]
[SourceVersion "1"]
[SourceVersionDate "2018.11.04"]
[SourceQuality "1"]

1. e4 e6 2. d3 d5 3. Nd2 Nf6 4. g3 Be7 5. Bg2 c5 6. Ngf3 Nc6 7. 0-0 0-0 8. Re1 b5 9. h4 Ba6 10. e5 Nd7 11. Nf1 b4 12. N1h2 Bb5 13. Bf4 a5 14. Ng5 Qe8 15. c4 bxc3 16. bxc3 c4 17. d4 a4 18. Nxh7 Kxh7 19. Qb1+ Kg8 20. Qxb5 Qc8 21. Qb1 a3 22. Bh3 Qa6 23. Qd1 Qa5 24. Qf3 Rfb8 25. Rec1 Qd8 26. h5 Na5 27. Rd1 Rb2 28. Ng4 Rc2 29. Bh6 Bg5 30. Bxg5 Qxg5 31. Nh2 Rb8 32. Ng4 Rbb2 33. Rdb1 Qxh5 34. Kg2 Qg6 35. Ne3 Rxb1 36. Rxb1 Rxf2+ 37. Qxf2 Qxb1 38. Kh2 Qb2 39. Kg2 Nb6 40. Nd1 Qb1 41. Qd2 Nb3 42. Qg5 Nd7 43. Qe7 Nf8 44. Ne3 Qxa2+ 45. Kf3 Nd2+ 46. Kg4 Ne4 0-1

[Event "Florianopolis op 4th"]
[Site "Florianopolis"]
[Date "2018.01.22"]
[Round "5"]
[White "Koinski, Carlos Cesar"]
[Black "Rodrigues, Natanael Isau Braz"]
[Result "0-1"]
[WhiteElo "1388"]
[BlackElo "1817"]
[PlyCount "119"]
[EventDate "2018.01.19"]
[EventType "swiss"]
[EventRounds "10"]
[EventCountry "BRA"]
[SourceTitle "EXT 2019"]
[Source "ChessBase"]
[SourceDate "2018.10.10"]
[SourceVersion "1"]
[SourceVersionDate "2018.10.10"]
[SourceQuality "1"]

1. e4 g6 2. d4 Bg7 3. c3 d6 4. Nf3 a6 5. a4 b6 6. Bd3 Nf6 7. 0-0 Bb7 8. Re1 0-0 9. Bg5 Nbd7 10. Qc1 Re8 11. Bc2 c5 12. d5 b5 13. axb5 axb5 14. Na3 Qa5 15. Qd2 Qb6 16. h3 Ba6 17. Bd3 c4 18. Be3 Qb7 19. Bb1 Reb8 20. Bd4 Ne8 21. Bxg7 Kxg7 22. g4 Nc5 23. Qd4+ Kg8 24. Bc2 e5 25. dxe6 Nxe6 26. Qe3 Qe7 27. Nd4 Nxd4 28. Qxd4 Nc7 29. Rad1 Rd8 30. Bb1 Ne6 31. Qe3 Nc5 32. f4 Na4 33. Rd2 Qa7 34. Qxa7 Rxa7 35. f5 Kg7 36. e5 Rad7 37. f6+ Kf8 38. e6 fxe6 39. Rxe6 Kf7 40. Rde2 Nc5 41. Re7+ Kxf6 42. g5+ Kxg5 43. h4+ Kh5 44. Kg2 Bb7+ 45. Kg3 Bc6 46. Bc2 Rxe7 47. Rxe7 Rd7 48. Re3 Nb7 49. Bd1+ Kh6 50. Bg4 Rc7 51. Nc2 Nc5 52. Nd4 Ne4+ 53. Kh2 d5 54. Ne6 Nf2 55. Bf3 Re7 56. Re2 Nd3 57. Bg4 Bd7 58. Kg3 Bxe6 59. Bxe6 Nc5 60. Bg4 0-1

[Event "Florianopolis Winter Amateur op"]
[Site "Florianopolis"]
[Date "2017.08.12"]
[Round "5"]
[White "Buganca, Luiz Henrique Da Si"]
[Black "Rodrigues, Natanael Isau Braz"]
[Result "0-1"]
[WhiteElo "1599"]
[BlackElo "1821"]
[PlyCount "112"]
[EventDate "2017.08.11"]
[EventType "swiss"]
[EventRounds "7"]
[EventCountry "BRA"]
[SourceTitle "CBM 180 Extra"]
[Source "ChessBase"]
[SourceDate "2017.10.06"]
[SourceVersion "1"]
[SourceVersionDate "2017.10.06"]
[SourceQuality "1"]

1. d4 Nf6 2. c4 c5 3. d5 b5 4. cxb5 a6 5. bxa6 g6 6. g3 Bg7 7. d6 e5 8. Nc3 Rxa6 9. Be3 Qa5 10. Bg2 Qb4 11. Qd2 Bb7 12. Bxb7 Qxb7 13. Nf3 e4 14. Nh4 c4 15. 0-0 0-0 16. Ng2 Ng4 17. Bf4 Nc6 18. h3 Nge5 19. Nxe4 Qa8 20. Nc3 Nd4 21. Bxe5 Bxe5 22. f4 Bg7 23. Qd1 Rxd6 24. e3 Nf5 25. Qf3 Qxf3 26. Rxf3 Rd2 27. Rf2 Rxb2 28. Rxb2 Bxc3 29. Rab1 Bxb2 30. Rxb2 Nxg3 31. Kf2 Ne4+ 32. Kf3 f5 33. Ne1 c3 34. Rc2 Rb8 35. Ke2 Rb1 36. Nd3 Rh1 37. Nb4 Rxh3 38. Nd5 Rh2+ 39. Kd3 Rd2+ 40. Rxd2 cxd2 41. Ke2 Kf8 42. a4 Ke8 43. a5 Kd8 44. a6 Kc8 45. Nb6+ Kb8 46. Nxd7+ Ka7 47. Ne5 Kxa6 48. Nf3 Kb5 49. Ng5 h6 50. Nf7 h5 51. Ne5 h4 52. Nf3 h3 53. Kd1 Kc5 54. Kc2 Kc4 55. Ne5+ Kd5 56. Nf3 Ke6 0-1

[Event "Florianopolis zt 2.4"]
[Site "Florianopolis"]
[Date "2017.04.29"]
[Round "5"]
[White "Cordioli, Jairo Ribeiro"]
[Black "Rodrigues, Natanael Isau Braz"]
[Result "0-1"]
[WhiteElo "1899"]
[BlackElo "1774"]
[PlyCount "84"]
[EventDate "2017.04.26"]
[EventType "swiss"]
[EventRounds "9"]
[EventCountry "BRA"]
[SourceTitle "CBM 178 Extra"]
[Source "ChessBase"]
[SourceDate "2017.06.22"]
[SourceVersion "1"]
[SourceVersionDate "2017.06.22"]
[SourceQuality "1"]

1. d4 Nf6 2. Nf3 g6 3. c4 c5 4. d5 b5 5. Qc2 d6 6. e4 Bg7 7. cxb5 a6 8. b6 0-0 9. Nc3 Nbd7 10. h3 Nxb6 11. Be2 Ne8 12. 0-0 Nc7 13. Nd2 e6 14. a4 a5 15. Nc4 Nxc4 16. Bxc4 Qf6 17. Rd1 Rd8 18. Ra3 Rb8 19. Nb5 exd5 20. exd5 Na6 21. Rf3 Bf5 22. Qd2 Nb4 23. b3 Qe7 24. Re1 Qf8 25. g4 Bd7 26. Bb2 Re8 27. Rxe8 Rxe8 28. Bxg7 Kxg7 29. Qc3+ Re5 30. Re3 f6 31. f4 Rxe3 32. Qxe3 Kf7 33. f5 g5 34. Nc7 Qe7 35. Kf2 Qxe3+ 36. Kxe3 Nc2+ 37. Kd2 Nd4 38. Na6 Ke7 39. Nb8 Be8 40. Ke3 Kd8 41. Bb5 Nxb5 42. axb5 Bxb5 0-1

[Event "Florianopolis zt 2.4"]
[Site "Florianopolis"]
[Date "2017.04.28"]
[Round "4"]
[White "Rodrigues, Natanael Isau Braz"]
[Black "Zimmermann, Kleber Renato P"]
[Result "0-1"]
[WhiteElo "1774"]
[BlackElo "1961"]
[PlyCount "86"]
[EventDate "2017.04.26"]
[EventType "swiss"]
[EventRounds "9"]
[EventCountry "BRA"]
[SourceTitle "CBM 178 Extra"]
[Source "ChessBase"]
[SourceDate "2017.06.22"]
[SourceVersion "1"]
[SourceVersionDate "2017.06.22"]
[SourceQuality "1"]

1. e4 c5 2. d3 Nc6 3. Nd2 g6 4. g3 Nf6 5. Bg2 Bg7 6. Ngf3 d6 7. 0-0 0-0 8. Re1 Qc7 9. a4 Rb8 10. Nc4 e5 11. Ne3 a6 12. c3 b5 13. d4 cxd4 14. cxd4 Nxd4 15. Nxd4 exd4 16. Qxd4 Bb7 17. Qd3 Rfe8 18. f3 d5 19. exd5 Nxd5 20. Nc2 Rxe1+ 21. Nxe1 Qc5+ 22. Kh1 bxa4 23. Nc2 Bc6 24. Bd2 Rxb2 25. Rc1 Qb5 26. Bf1 Qxd3 27. Bxd3 Ne7 28. Be3 Bxf3+ 29. Kg1 Rb3 30. Ne1 Be4 31. Bc5 Bxd3 32. Bxe7 Bd4+ 33. Kg2 Be4+ 34. Kf1 Bf5 35. Bg5 Be3 36. Bxe3 Rxe3 37. Ra1 Bd7 38. Nc2 Rc3 39. Na3 Bh3+ 40. Kf2 Rb3 41. Nc4 Rb4 42. Na3 Rb2+ 43. Kg1 Be6 0-1

[Event "Florianopolis zt 2.4"]
[Site "Florianopolis"]
[Date "2017.04.26"]
[Round "1"]
[White "Carvalho, Herbert Abreu"]
[Black "Rodrigues, Natanael Isau Braz"]
[Result "1-0"]
[WhiteElo "2161"]
[BlackElo "1774"]
[PlyCount "141"]
[EventDate "2017.04.26"]
[EventType "swiss"]
[EventRounds "9"]
[EventCountry "BRA"]
[SourceTitle "CBM 178 Extra"]
[Source "ChessBase"]
[SourceDate "2017.06.22"]
[SourceVersion "1"]
[SourceVersionDate "2017.06.22"]
[SourceQuality "1"]

1. d4 Nf6 2. Nf3 g6 3. c4 c5 4. g3 Bg7 5. Bg2 0-0 6. 0-0 d6 7. Nc3 Nbd7 8. e4 cxd4 9. Nxd4 Ne8 10. Be3 a6 11. Qd2 Ne5 12. b3 Ng4 13. Rad1 Nxe3 14. Qxe3 Rb8 15. c5 Bxd4 16. Rxd4 Qa5 17. cxd6 exd6 18. Nd5 Be6 19. Ra4 Qc5 20. Qxc5 dxc5 21. Rc1 Bd7 22. Ra5 Bb5 23. Nb6 Rd8 24. a4 Bc6 25. Raxc5 Ng7 26. Nd5 Bxd5 27. exd5 Ne8 28. d6 Nxd6 29. Rc7 Rb8 30. Rd7 Rfd8 31. Rcc7 b5 32. a5 b4 33. Bd5 Nb5 34. Rxd8+ Rxd8 35. Rc5 Rd7 36. Bc4 Rc7 37. Rd5 Na3 38. Bxa6 Rc1+ 39. Kg2 Ra1 40. Bb7 Nc2 41. a6 Kg7 42. Rd2 Ne1+ 43. Kh3 h5 44. f4 Kf6 45. Kh4 Rxa6 46. Rd1 Ra7 47. Be4 Ra2 48. h3 Re2 49. Bd5 Nc2 50. Bc4 Ne3 51. Rd6+ Ke7 52. Bxe2 Kxd6 53. Kg5 Ke7 54. Bd3 Ke6 55. h4 Ke7 56. f5 gxf5 57. Bxf5 Nf1 58. Kf4 Kf6 59. Bc2 Nh2 60. Bd1 Kg6 61. Be2 f6 62. Ke4 f5+ 63. Ke5 Ng4+ 64. Bxg4 hxg4 65. Kf4 Kf6 66. h5 Ke6 67. Kg5 Ke5 68. h6 Ke4 69. h7 f4 70. h8Q f3 71. Kxg4 1-0

[Event "Florianopolis Taca Cup"]
[Site "Florianopolis"]
[Date "2017.03.26"]
[Round "5"]
[White "Rodrigues, Natanael Isau Braz"]
[Black "Balbys, Fernanda Santoro Bo"]
[Result "1/2-1/2"]
[WhiteElo "1790"]
[BlackElo "1576"]
[PlyCount "64"]
[EventDate "2017.03.24"]
[EventType "swiss"]
[EventRounds "6"]
[EventCountry "BRA"]
[SourceTitle "CBM 177 Extra"]
[Source "ChessBase"]
[SourceDate "2017.04.27"]
[SourceVersion "1"]
[SourceVersionDate "2017.04.27"]
[SourceQuality "1"]

1. e4 e6 2. d3 d5 3. Nd2 Nf6 4. Ngf3 Be7 5. g3 0-0 6. Bg2 dxe4 7. dxe4 c5 8. 0-0 Nc6 9. c3 b6 10. e5 Nd7 11. Re1 Bb7 12. a4 Qc7 13. Qe2 Rfd8 14. h4 Nf8 15. h5 Rd5 16. Nc4 Ba6 17. Bf4 Rad8 18. Nfd2 Rxd2 19. Bxd2 Bxc4 20. Qxc4 Rxd2 21. Qe4 Rd5 22. f4 f6 23. c4 f5 24. Qe3 Rd8 25. Red1 Nd4 26. Qf2 Nd7 27. Ra3 Nb8 28. Bh3 Qc6 29. Bg2 Qc7 30. Bh3 Qc6 31. Bg2 Qc7 32. Bh3 Qc6 1/2-1/2

[Event "Florianopolis Taca Cup"]
[Site "Florianopolis"]
[Date "2017.03.25"]
[Round "4"]
[White "Marques Junior, Marcos Antonio"]
[Black "Rodrigues, Natanael Isau Braz"]
[Result "1-0"]
[WhiteElo "1748"]
[BlackElo "1790"]
[PlyCount "57"]
[EventDate "2017.03.24"]
[EventType "swiss"]
[EventRounds "6"]
[EventCountry "BRA"]
[SourceTitle "CBM 177 Extra"]
[Source "ChessBase"]
[SourceDate "2017.04.27"]
[SourceVersion "1"]
[SourceVersionDate "2017.04.27"]
[SourceQuality "1"]

1. e4 c6 2. d4 d5 3. exd5 cxd5 4. Nf3 e6 5. Bd3 Nf6 6. 0-0 Be7 7. c3 Nc6 8. Bf4 a6 9. Nbd2 Bd7 10. h3 b5 11. Qe2 Na5 12. Ne5 Nc4 13. Ndf3 h6 14. b3 Nd6 15. c4 dxc4 16. bxc4 bxc4 17. Nxc4 Nb5 18. Rfc1 Nd5 19. Be5 Nbc3 20. Qd2 Bb4 21. Bxg7 Rg8 22. Qxh6 Bf8 23. Bxf8 Rxf8 24. Rxc3 Nxc3 25. Nd6+ Ke7 26. Qg5+ f6 27. Qc5 Nb5 28. Ne8+ Kxe8 29. Qh5+ 1-0

[Event "Florianopolis op 3rd"]
[Site "Florianopolis"]
[Date "2017.01.25"]
[Round "8"]
[White "Librelato, Kathie Goulart"]
[Black "Rodrigues, Natanael Isau Braz"]
[Result "1-0"]
[WhiteElo "1988"]
[BlackElo "1780"]
[PlyCount "81"]
[EventDate "2017.01.20"]
[EventType "swiss"]
[EventRounds "10"]
[EventCountry "BRA"]
[SourceTitle "CBM 176 Extra"]
[Source "ChessBase"]
[SourceDate "2017.03.02"]
[SourceVersion "1"]
[SourceVersionDate "2017.03.02"]
[SourceQuality "1"]

1. e4 g6 2. d4 Bg7 3. Nf3 a6 4. c4 d6 5. Nc3 Nf6 6. Be2 c5 7. dxc5 Qa5 8. Qa4+ Qxa4 9. Nxa4 Nbd7 10. cxd6 exd6 11. Nd2 0-0 12. f3 b6 13. Nb3 Ne8 14. Be3 Rb8 15. Nd4 Bb7 16. 0-0-0 Nc5 17. Nc3 a5 18. Ndb5 Be5 19. Bh6 Ng7 20. Nd5 Bxd5 21. Rxd5 Rfc8 22. f4 Bf6 23. Nxd6 Rc6 24. Rhd1 Be7 25. Bf3 Nge6 26. Kb1 Nc7 27. R5d2 b5 28. e5 Rcb6 29. Ka1 bxc4 30. Nxc4 Ra6 31. g4 N5e6 32. Rd7 Bh4 33. f5 gxf5 34. gxf5 Nc5 35. Rg1+ Rg6 36. Rxg6+ hxg6 37. Rxc7 Na6 38. Ra7 Nb4 39. fxg6 fxg6 40. Ra8 Rxa8 41. Bxa8 1-0

[Event "Florianopolis Winter U220 op"]
[Site "Florianopolis"]
[Date "2016.08.20"]
[Round "4"]
[White "Rodio, Julia Brunetto"]
[Black "Rodrigues, Natanael Isau Braz"]
[Result "1/2-1/2"]
[WhiteElo "1638"]
[BlackElo "1805"]
[PlyCount "108"]
[EventDate "2016.08.19"]
[EventType "swiss"]
[EventRounds "7"]
[EventCountry "BRA"]
[SourceTitle "CBM 174 Extra"]
[Source "ChessBase"]
[SourceDate "2016.10.10"]
[SourceVersion "1"]
[SourceVersionDate "2016.10.10"]
[SourceQuality "1"]

1. e4 b6 2. Nc3 Bb7 3. d3 e6 4. g3 g6 5. Bg2 Bg7 6. Be3 Ne7 7. Qd2 h6 8. f4 d6 9. Nf3 Nd7 10. 0-0 a6 11. Bf2 b5 12. Nd1 Nb6 13. c3 a5 14. Bd4 Bxd4+ 15. Nxd4 Qd7 16. Ne3 e5 17. fxe5 dxe5 18. Nf3 Nc6 19. d4 0-0-0 20. d5 Qe7 21. Qe2 Na7 22. Ng4 Nd7 23. Qe3 Kb8 24. a4 b4 25. cxb4 h5 26. Nf2 Qxb4 27. Nd3 Qe7 28. Ng5 Rdf8 29. Rfb1 Qd6 30. Bh3 Nb6 31. b4 Nc4 32. Qc5 Qxc5+ 33. Nxc5 Ka8 34. bxa5 Nxa5 35. Nd7 f5 36. Ne6 Rc8 37. Rb5 Rh7 38. Nec5 Nc4 39. exf5 Nd6 40. fxg6 Rg7 41. Rb3 Bxd5 42. Rb2 Nc4 43. Rf2 Rcg8 44. Na6 Kb7 45. Ndc5+ Kc6 46. Rf6+ Nd6 47. Rc1 Kb6 48. Rb1+ Kc6 49. Rc1 Kb6 50. a5+ Kxa5 51. Ra1+ Kb6 52. Rb1+ Ka5 53. Ra1+ Kb6 54. Rb1+ Ka5 1/2-1/2

[Event "Florianopolis-ch 33rd"]
[Site "Florianopolis"]
[Date "2016.06.05"]
[Round "6"]
[White "Pasqualotto, Amos Petronio"]
[Black "Rodrigues, Natanael Isau Braz"]
[Result "1-0"]
[WhiteElo "1401"]
[BlackElo "1884"]
[PlyCount "92"]
[EventDate "2016.06.03"]
[EventType "swiss"]
[EventRounds "6"]
[EventCountry "BRA"]
[SourceTitle "CBM 172 Extra"]
[Source "ChessBase"]
[SourceDate "2016.06.21"]
[SourceVersion "1"]
[SourceVersionDate "2016.06.21"]
[SourceQuality "1"]

1. Nf3 g6 2. d4 Bg7 3. c4 a6 4. Nc3 d6 5. e4 c6 6. Be2 Nd7 7. 0-0 b5 8. a4 b4 9. Nb1 a5 10. Be3 Qb6 11. d5 c5 12. Qc1 h6 13. Nbd2 Ngf6 14. Rb1 Ng4 15. b3 g5 16. h3 Nge5 17. Nh2 Nf6 18. f4 gxf4 19. Rxf4 Ng6 20. Rf2 Bd7 21. Qc2 0-0-0 22. Ndf1 Rdg8 23. Ng3 Bf8 24. Rbf1 Nh4 25. Nf5 Nxf5 26. exf5 h5 27. Bc1 Rg3 28. Rf3 Rhg8 29. Rxg3 Rxg3 30. Rf3 Rg8 31. Rf4 Qa6 32. Bb2 Bh6 33. Rf1 Be3+ 34. Kh1 Qb6 35. Bxf6 exf6 36. Bxh5 Bd4 37. Bxf7 Rg7 38. Be6 Qc7 39. Nf3 Be5 40. Qe4 Kd8 41. Qh4 Bc3 42. Qh8+ Be8 43. Qh4 Rh7 44. Qf2 Qg7 45. Kh2 Qh8 46. Qg3 Rg7 1-0

[Event "Florianopolis op 2nd"]
[Site "Florianopolis"]
[Date "2016.01.21"]
[Round "8"]
[White "Pacheco, Helcio Alexandre"]
[Black "Rodrigues, Natanael Isau Braz"]
[Result "1/2-1/2"]
[WhiteElo "2103"]
[BlackElo "1915"]
[PlyCount "108"]
[EventDate "2016.01.16"]
[EventType "swiss"]
[EventRounds "10"]
[EventCountry "BRA"]
[SourceTitle "CBM 170 Extra"]
[Source "ChessBase"]
[SourceDate "2016.02.25"]
[SourceVersion "1"]
[SourceVersionDate "2016.02.25"]
[SourceQuality "1"]

1. d4 Nf6 2. c4 c5 3. d5 b5 4. cxb5 a6 5. bxa6 Bxa6 6. g3 d6 7. Bg2 g6 8. Nf3 Bg7 9. Nc3 0-0 10. Rb1 Nbd7 11. b3 Ng4 12. Bd2 Qb6 13. 0-0 Rfb8 14. Qc2 Nge5 15. Nh4 Nf6 16. h3 Qa7 17. Kh2 Ned7 18. f4 Nb6 19. Rfe1 Nfd7 20. Nf3 Bxc3 21. Bxc3 Nxd5 22. Bd2 Bb7 23. Ra1 N7f6 24. a3 Nc7 25. e4 Nd7 26. Bc3 Qb6 27. Nd2 Nb5 28. Nc4 Qc7 29. Bb2 Nb6 30. Nd2 Rc8 31. Rec1 Qd8 32. Qd3 Ba6 33. Qe3 Bb7 34. Qd3 Nc7 35. Qe3 Nd7 36. Re1 Qf8 37. Rad1 Qh6 38. Nf3 Ra6 39. Bf1 Rb6 40. Bc4 Nf6 41. Qc3 Qg7 42. Ng5 Rf8 43. Qa5 Rxb3 44. Bxf6 exf6 45. Bxb3 fxg5 46. Rb1 Qd4 47. Re2 gxf4 48. gxf4 Bxe4 49. Rd1 Bd3 50. Kg3 g5 51. fxg5 Ne6 52. Rf2 Qe3+ 53. Rf3 Qxg5+ 54. Kh2 Bg6 1/2-1/2

[Event "Florianopolis op 2nd"]
[Site "Florianopolis"]
[Date "2016.01.21"]
[Round "9"]
[White "Rodrigues, Natanael Isau Braz"]
[Black "Escofet Fernandez, Jaime"]
[Result "0-1"]
[WhiteElo "1915"]
[BlackElo "2063"]
[PlyCount "82"]
[EventDate "2016.01.16"]
[EventType "swiss"]
[EventRounds "10"]
[EventCountry "BRA"]
[SourceTitle "CBM 170 Extra"]
[Source "ChessBase"]
[SourceDate "2016.02.25"]
[SourceVersion "1"]
[SourceVersionDate "2016.02.25"]
[SourceQuality "1"]

1. e4 c6 2. d4 d5 3. exd5 cxd5 4. Bd3 Nc6 5. c3 Nf6 6. Bf4 Bg4 7. Qb3 Qc8 8. Nd2 e6 9. Ngf3 Bxf3 10. Nxf3 Be7 11. h3 a6 12. 0-0 0-0 13. Rfe1 b5 14. Be5 Nxe5 15. dxe5 Nd7 16. Qd1 Qc7 17. Qe2 Rfc8 18. Rac1 Rab8 19. Nh2 Qb6 20. h4 a5 21. h5 b4 22. Ba6 Rc7 23. Bd3 bxc3 24. bxc3 Qa7 25. a4 Nc5 26. Bb5 Ne4 27. c4 Rbc8 28. Ra1 Nxf2 29. Rf1 Ng4+ 30. Kh1 Nxh2 31. Kxh2 dxc4 32. Rac1 Qd4 33. g3 c3 34. Ba6 Rb8 35. Rf4 Qa7 36. Qg4 Qxa6 37. Rf2 h6 38. Kh3 Bb4 39. Rd1 c2 40. Rc1 Qd3 41. Qf4 Rbc8 0-1

[Event "Florianopolis op 2nd"]
[Site "Florianopolis"]
[Date "2016.01.19"]
[Round "6"]
[White "Araujo, Jose Roberto"]
[Black "Rodrigues, Natanael Isau Braz"]
[Result "0-1"]
[WhiteElo "2156"]
[BlackElo "1915"]
[PlyCount "80"]
[EventDate "2016.01.16"]
[EventType "swiss"]
[EventRounds "10"]
[EventCountry "BRA"]
[SourceTitle "CBM 170 Extra"]
[Source "ChessBase"]
[SourceDate "2016.02.25"]
[SourceVersion "1"]
[SourceVersionDate "2016.02.25"]
[SourceQuality "1"]

1. d4 g6 2. c4 Bg7 3. Nc3 Nf6 4. Nf3 0-0 5. Bf4 d6 6. e3 c6 7. Be2 Bg4 8. 0-0 Qa5 9. a3 Bxf3 10. Bxf3 Rd8 11. b4 Qc7 12. c5 Qc8 13. cxd6 exd6 14. Rc1 Qe6 15. d5 Qe7 16. dxc6 Nxc6 17. Nb5 d5 18. Qb3 a5 19. Nc7 a4 20. Qa2 Rac8 21. Nxd5 Nxd5 22. Bxd5 Ne5 23. h3 Nd3 24. Rxc8 Rxc8 25. Bg3 h5 26. Qb1 Ne5 27. f4 Nc4 28. Rc1 b5 29. e4 Qa7+ 30. Bf2 Bd4 31. Qc2 Nd6 32. Bc6 Bxf2+ 33. Qxf2 Qxf2+ 34. Kxf2 Nb7 35. e5 Nd8 36. Rc5 Rxc6 37. Rxb5 Rc2+ 38. Kf3 Rc3+ 39. Ke4 Ne6 40. f5 gxf5+ 0-1

[Event "Florianopolis op 2nd"]
[Site "Florianopolis"]
[Date "2016.01.17"]
[Round "2"]
[White "Trois, Francisco R Torres"]
[Black "Rodrigues, Natanael Isau Braz"]
[Result "1-0"]
[WhiteElo "2221"]
[BlackElo "1915"]
[PlyCount "91"]
[EventDate "2016.01.16"]
[EventType "swiss"]
[EventRounds "10"]
[EventCountry "BRA"]
[SourceTitle "CBM 170 Extra"]
[Source "ChessBase"]
[SourceDate "2016.02.25"]
[SourceVersion "1"]
[SourceVersionDate "2016.02.25"]
[SourceQuality "1"]

1. Nf3 g6 2. e4 Bg7 3. d4 d6 4. Bc4 Nf6 5. e5 dxe5 6. Nxe5 0-0 7. Nc3 c6 8. 0-0 Nbd7 9. f4 Nb6 10. Bb3 Bd7 11. Qf3 Qc8 12. Re1 e6 13. Be3 Nbd5 14. Bf2 Nxc3 15. bxc3 c5 16. dxc5 Bc6 17. Qh3 Bd5 18. Bd4 Nh5 19. Nd3 Qc7 20. Qh4 Qd8 21. Qxd8 Rfxd8 22. Rab1 Bxd4+ 23. cxd4 Bxb3 24. Rxb3 Rxd4 25. g3 Rc4 26. Rxb7 Rxc2 27. Rc1 Rxc1+ 28. Nxc1 Rc8 29. Nd3 a5 30. Ra7 a4 31. Rxa4 Nf6 32. Kg2 Nd5 33. Ra7 f6 34. Kf3 Re8 35. a4 Nc3 36. Ke3 Rd8 37. Nb4 Nd1+ 38. Kf3 Nc3 39. c6 Rc8 40. Ke3 Nd5+ 41. Nxd5 exd5 42. c7 Kf7 43. Kd4 Ke6 44. Kc5 d4 45. Kc6 d3 46. Rb7 1-0